| 000 | 00373 a2200169 4500 | ||
|---|---|---|---|
| 001 | 191449 | ||
| 020 | _a85-7106-106-8 | ||
| 040 | _cMagnum | ||
| 100 | _aPrado, Marisa | ||
| 240 | 1 | 0 |
_aO tempo que o tempo tem _lpor |
| 245 | 1 | 0 | _aO tempo que o tempo tem |
| 300 | _a32 | ||
| 362 | 0 | _a1997 | |
| 440 | 1 | _aSalamandra | |
| 697 | _aLITERATURA INFANTO-JUVENIL | ||
| 942 | _cBK | ||
| 999 |
_c191449 _d191449 |
||